Manual de violencia familiar
Sparad:
| Huvudupphovsmän: | , |
|---|---|
| Materialtyp: | Bok |
| Språk: | spanska |
| Publicerad: |
Madrid
Siglo Veintiuno
1998
|
| Serie: | Manuales Psicología
|
| Ämnen: | |
| Taggar: |
Lägg till en tagg
Inga taggar, Lägg till första taggen!
|
MARC
| LEADER | 00000nam a2200000 a 4500 | ||
|---|---|---|---|
| 001 | UCM1716 | ||
| 003 | CL-VaPUC | ||
| 008 | 020412e19980000SP |||||||||||||||||spa|d | ||
| 082 | 0 | 4 | |a 362.8292 |b ECH |2 21 |
| 100 | 0 | |a Echeburúa Odriozola, Enrique |e author |9 468521 | |
| 700 | 0 | |a Corral, Paz de |e author |9 468522 | |
| 245 | 1 | 0 | |a Manual de violencia familiar |
| 300 | |a 213 p | ||
| 942 | |c BK | ||
| 945 | |d 20020412 00:00:00 |a vberengu | ||
| 260 | |a Madrid |b Siglo Veintiuno |c 1998 | ||
| 650 | 0 | |a Problemas sociales |9 258537 | |
| 650 | 0 | |a Violencia |9 255411 | |
| 650 | 0 | |a Violencia intrafamiliar |9 312986 | |
| 650 | 0 | |a Víctimas de maltrato |9 468523 | |
| 650 | 0 | |a Mujeres maltratadas |9 328273 | |
| 583 | |a last modification |c 20180326 02:29:20 |k Rodrigo Vera | ||
| 490 | 0 | |a Manuales Psicología | |
| 999 | |c 299962 |d 299960 | ||
| 952 | |0 0 |1 0 |4 0 |6 362_829200000000000_ECH_1998 |7 0 |8 A |9 357165 |a BIBEDU |b BIBEDU |d 2019-11-21 |i 3808254 |o 362.8292 ECH 1998 |p 3808254 |r 2019-11-21 |w 2019-11-21 |y BK |k PSI | ||